| 000 | 00713nam a2200229 a 4500 | ||
|---|---|---|---|
| 001 | 55027 | ||
| 003 | BD- RjUL | ||
| 005 | 20211209080214.0 | ||
| 008 | 161113b1967 enk||||| |||| 001 0 eng d | ||
| 035 | _a(BD- RjUL)55149 | ||
| 040 |
_aDLC _cDLC _beng _dBD- RjUL |
||
| 041 | _aeng | ||
| 082 |
_a551.48 _223 _bHUT 1967 |
||
| 100 | 1 | 0 |
_aHutchinson, G. Evelyn _9164054 |
| 245 | 1 | 2 |
_aA treatise on limnology / _cG. Evelyn Hutchinson |
| 260 |
_aNew York : _bJohn Wile and sons, _c1967. |
||
| 300 |
_av. : _bill. ; _c24 cm. |
||
| 500 | _aIncludes index. | ||
| 505 | 0 | _a v. 1 Geography, Physics, and Chemistry -- v. 2 Introduction to lake biology and limnoplankton -- | |
| 650 | 0 |
_aLimnology. _9118358 |
|
| 942 |
_2ddc _cBK |
||
| 999 |
_c55027 _d55027 |
||